000 00681cab a2200241 4500
001 WB3316-31
008 090401t1997 xxu||||| |||| 00| 0 eng d
035 _a(Sirsi) u77891
041 _aeng
245 _aEU membership and property law
260 _c1997
350 _a0
490 _aEstates News
_vApril 1997,8(1)
520 _aIn central and eastern Europe the question of how membership in the EU will affect property law has not yet been wholly explored.
650 _aCENTRAL EUROPE
650 _aEASTERN EUROPE
650 _aEU
650 _aEUROPEAN COMMUNITY
650 _aPROPERTY LAW
690 _aOVERSEAS-EUROPE
942 _n0
948 _c23/04/1997
999 _c48977
_d48977